Ley del Notariado para el Distrito Federal /

محفوظ في:
التفاصيل البيبلوغرافية
مؤلف مشترك: México (D.F.)
التنسيق: كتاب
اللغة:الإسبانية
منشور في: México : Porrúa, 1992, c1992
الطبعة:12a edición
سلاسل:(Leyes y Códigos de México)
الموضوعات:
الوسوم: إضافة وسم
لا توجد وسوم, كن أول من يضع وسما على هذه التسجيلة!

MARC

LEADER 00000nam^a2200000^a^4500
001 000036453
005 20250521000000.0
009 20260310085348.369
037 |a Acervo ITESO - Biblioteca 
041 |a ESP 
082 |a 347. 7253  |b DF 1992 
110 |a México (D.F.) 
240 1 1 |a [Ley del Notariado para el Distrito Federal] 
245 1 0 |a Ley del Notariado para el Distrito Federal / 
250 |a 12a edición 
264 4 |a México :  |b Porrúa,  |c 1992, c1992 
300 |a 118 p. 
336 |a texto  |b txt  |2 rdacontenido 
337 |a sin mediación  |b n  |2 rdamedio 
338 |a volumen  |b nc  |2 rdasoporte 
440 1 |a (Leyes y Códigos de México) 
649 |a XX 
650 |a Notarios Mexicanos -  |z México (D.F.) 
650 |a Derecho Notarial -  |z México (D.F.) -  |x Leyes y Reglamentos 
650 |a Derecho Notarial -  |z México -  |x Leyes y Reglamentos 
650 |a Derecho Civil -  |z México (D.F.) 
650 |a Derecho Civil -  |z México 
650 |a Derecho Privado -  |z México (D.F.) 
650 |a Derecho Privado -  |z México 
910 |a Fondo General 
920 |a Impresos - Libros 
930 |a Colección General 
905 |a 101 
901 |a 0364530100  |b IT1  |c ACC  |i 036453  |u 20250521 
902 |a https://opac.biblio.iteso.mx/vufind/Record/000036453